Estatísticas para RANKING NACIONAL DE CLUBES CBF- FUTEBOL

Clique aqui para jogar o quiz

Estatísticas Gerais

  • Esse quiz foi jogado 2 981 vezes
    (563 desde o último reset)
  • A pontuação média é 32 de 50

Estatísticas das Respostas

NResposta% Correto
1Flamengo - RJ
99%
2Palmeiras - SP
98%
3São Paulo - SP
97%
6Corinthians - SP
95%
5Atlético - MG
94%
7Fluminense - RJ
94%
8Grêmio - RS
94%
14Botafogo - RJ
93%
11Internacional - RS
93%
12Santos - SP
93%
22Vasco da Gama - RJ
92%
13Bahia - BA
89%
17Cruzeiro - MG
87%
10América - MG
79%
9Fortaleza - CE
79%
28Vitória - BA
79%
4Athletico - PR
77%
21Coritiba - PR
77%
15Red Bull Bragantino - SP
77%
19Cuiabá - MT
76%
20Goiás - GO
75%
18Ceará - CE
74%
23Juventude - RS
74%
24Sport - PE
73%
30Criciúma - SC
67%
16Atlético - GO
61%
27Chapecoense - SC
61%
25Avai - SC
58%
32Ponte Preta - SP
55%
34Guarani - SP
52%
44Paysandu - PA
51%
31CSA - AL
48%
38Nautico - PE
48%
41Remo - PA
48%
26CRB - AL
47%
45Novorizontino - SP
45%
29Vila Nova - GO
44%
50Figueirense - SC
42%
36Ituano - SP
41%
40ABC - RN
40%
37Londrina - PR
37%
47Brasil de Pelotas - RS
36%
46Mirassol - SP
35%
33Sampâio Correa - MA
35%
48Volta Redonda - RJ
30%
42Botafogo - SP
28%
39Operário - PR
28%
43Brusque - SC
25%
35Tombense - MG
24%
49Ypiranga - RS
11%

Distribuição das Pontuações

Percentil de Números Respondidos

Porcentagem de Pessoas com Cada Pontuação

Sua Pontuação Histórica

Você não jogou esse quiz desde o último reset